Algebra lineal

Wedi'i Gadw mewn:
Manylion Llyfryddiaeth
Prif Awduron: Aburto Hageman, Luisa Amada (autora), Jiménez Briones, Daniel (Awdur)
Awduron Eraill: Johnson Herrera, Roberto (autor)
Fformat: Llyfr
Iaith:Sbaeneg
Cyhoeddwyd: Valparaíso Pontificia Universidad Católica de Valpraíso 2008
Rhifyn:4a. ed
Pynciau:
Tagiau: Ychwanegu Tag
Dim Tagiau, Byddwch y cyntaf i dagio'r cofnod hwn!

MARC

LEADER 00000cam a2200000 a 4500
001 UCI5852
003 CL-VaPUC
005 20241204170556.0
008 080411e20080000CL |||||||||||||||||spa|d
999 |c 329512  |d 329510 
040 |c Pontificia Universidad Católica de Valparaíso 
082 0 4 |a 512.5  |b ABU  |2 21 
100 |a Aburto Hageman, Luisa Amada  |e autora  |9 757639 
245 1 0 |a Algebra lineal 
250 |a 4a. ed 
260 |a Valparaíso  |b Pontificia Universidad Católica de Valpraíso  |c 2008 
300 |a 262 p 
583 |a last modification  |c 20170109 02:39:26  |k Rodrigo Vera 
650 0 |a Álgebra lineal  |x Álgebra de matrices  |9 260445 
650 0 |a Ecuaciones  |9 260137 
650 0 |a Espacio vectorial  |9 892006 
650 0 |a Lógica matemática   |9 892007 
700 0 |a Jiménez Briones, Daniel  |e author  |9 19 
700 |a Johnson Herrera, Roberto  |e autor  |9 20 
942 |c BK  |2 ddc 
945 |d 20080411 00:00:00  |a rbrito 
952 |0 0  |1 0  |4 0  |6 512_500000000000000_ABU_2008  |7 0  |8 R  |9 414296  |a BIBGIM  |b BIBGIM  |d 2019-11-22  |i 4426924  |l 2  |o 512.5 ABU 2008  |p 4426924  |r 2025-01-15  |s 2023-03-13  |w 2019-11-22  |y BK_R  |k COM 
952 |0 0  |1 0  |4 0  |6 512_500000000000000_ABU_2008  |7 0  |8 R  |9 414298  |a BIBGIM  |b BIBGIM  |d 2019-11-22  |i 4426932  |l 1  |o 512.5 ABU 2008  |p 4426932  |r 2021-11-15  |s 2020-08-03  |w 2019-11-22  |y BK_R  |k COM 
952 |0 0  |1 0  |4 0  |6 512_500000000000000_ABU_2008  |7 0  |8 R  |9 414299  |a BIBGIM  |b BIBGIM  |d 2019-11-22  |i 4426940  |o 512.5 ABU 2008  |p 4426940  |r 2025-01-15  |w 2019-11-22  |y BK_R  |k COM 
952 |0 0  |1 0  |4 0  |6 512_500000000000000_ABU_2008  |7 0  |8 R  |9 414300  |a BIBGIM  |b BIBGIM  |d 2019-11-22  |i 4426959  |o 512.5 ABU 2008  |p 4426959  |r 2025-01-15  |w 2019-11-22  |y BK_R  |k COM 
952 |0 0  |1 0  |4 0  |6 512_500000000000000_ABU_2008  |7 0  |8 R  |9 414301  |a BIBGIM  |b BIBGIM  |d 2019-11-22  |i 4426967  |o 512.5 ABU 2008  |p 4426967  |r 2025-01-15  |w 2019-11-22  |y BK_R  |k COM 
952 |0 0  |1 0  |4 0  |6 512_500000000000000_ABU_2008  |7 0  |8 R  |9 414302  |a BIBGIM  |b BIBGIM  |d 2019-11-22  |i 4426975  |l 6  |m 2  |o 512.5 ABU 2008  |p 4426975  |r 2025-01-15  |s 2024-11-29  |w 2019-11-22  |y BK_R  |k COM 
952 |0 0  |1 0  |2 ddc  |4 0  |6 512_500000000000000_ABU_2008  |7 0  |8 A  |9 414304  |a BIBMAT  |b BIBMAT  |d 2019-11-22  |i 4601947  |l 3  |m 1  |o 512.5 ABU 2008  |p 4601947  |r 2025-01-07  |s 2022-10-11  |w 2019-11-22  |y BK  |k MAT 
952 |0 0  |1 0  |4 0  |6 512_500000000000000_ABU_2008  |7 0  |8 A  |9 414306  |a BIBING  |b BIBING  |d 2019-11-22  |i 4867521  |l 3  |m 1  |o 512.5 ABU 2008  |p 4867521  |r 2025-01-20  |s 2024-11-07  |w 2019-11-22  |y BK  |k TRA 
952 |0 0  |1 0  |4 0  |6 512_500000000000000_ABU_2008  |7 0  |8 A  |9 414307  |a BIBING  |b BIBING  |d 2019-11-22  |i 486753K  |l 2  |m 5  |o 512.5 ABU 2008  |p 486753K  |r 2025-04-10  |s 2025-03-27  |w 2019-11-22  |y BK  |k TRA 
952 |0 0  |1 0  |4 0  |6 512_500000000000000_ABU_2008  |7 0  |8 A  |9 414308  |a BIBING  |b BIBING  |d 2019-11-22  |i 4867548  |l 14  |m 2  |o 512.5 ABU 2008  |p 4867548  |r 2025-01-20  |s 2024-10-24  |w 2019-11-22  |y BK  |k TRA 
952 |0 0  |1 0  |4 0  |6 512_500000000000000_ABU_2008  |7 0  |8 A  |9 414309  |a BIBING  |b BIBING  |d 2019-11-22  |i 4867556  |o 512.5 ABU 2008  |p 4867556  |r 2023-03-02  |w 2019-11-22  |y BK  |k TRA 
952 |0 0  |1 0  |4 0  |6 512_500000000000000_ABU_2008  |7 0  |8 A  |9 414310  |a BIBING  |b BIBING  |d 2019-11-22  |i 4867564  |l 10  |m 3  |o 512.5 ABU 2008  |p 4867564  |r 2025-01-20  |s 2024-11-21  |w 2019-11-22  |y BK  |k TRA